[Event "UKR-chT 17th"]
[Site "Alushta"]
[Date "2010.05.17"]
[Round "7.4"]
[White "Kijajkin, Pavel"]
[Black "Maratkanov, Evgeny"]
[Result "1-0"]
[WhiteElo "2120"]
[BlackElo "2188"]
[PlyCount "105"]
[EventDate "2010.05.13"]
[EventType "team-tourn"]
[EventRounds "11"]
[EventCountry "UKR"]
[SourceTitle "EXT 2019"]
[Source "ChessBase"]
[SourceDate "2018.10.10"]
[SourceVersion "1"]
[SourceVersionDate "2018.10.10"]
[SourceQuality "1"]
[WhiteTeam "Kerkinitida Eupatoria"]
[BlackTeam "Luhansk LugPokerChess"]
[WhiteTeamCountry "UKR"]
[BlackTeamCountry "UKR"]

1. c4 c5 2. Nf3 Nf6 3. Nc3 d5 4. cxd5 Nxd5 5. e4 Nb4 6. Bb5+ Bd7 7. a3 N4c6 8. 0-0 e6 9. d4 cxd4 10. Nxd4 Be7 11. Nf3 0-0 12. Bf4 a6 13. Be2 Bc8 14. Qc2 Nd4 15. Nxd4 Qxd4 16. Be3 Qd6 17. Rfd1 Qc7 18. Rac1 Bf6 19. Nd5 Qxc2 20. Nxf6+ gxf6 21. Rxc2 Nc6 22. Bb6 e5 23. Rd6 Be6 24. g3 Rac8 25. Rcd2 Rfe8 26. f4 exf4 27. gxf4 f5 28. Bf3 Ne7 29. e5 Rc1+ 30. Kf2 Nc6 31. Kg3 Rc8 32. Bd8 h6 33. Bf6 Na5 34. Kh4 Rg1 35. Rd8+ Kh7 36. Rxc8 Bxc8 37. Rd8 Rg8 38. Rd5 Nc6 39. b4 Be6 40. Rd6 Rc8 41. Bd5 Bxd5 42. Rxd5 Nb8 43. Kh5 Rc2 44. h4 Rc8 45. a4 b5 46. axb5 axb5 47. Rxb5 Nd7 48. Rb7 Nxf6+ 49. exf6 Rb8 50. Rxf7+ Kg8 51. Rg7+ Kh8 52. Kg6 Rxb4 53. Rh7+ 1-0

[Event "UKR-chT 17th"]
[Site "Alushta"]
[Date "2010.05.15"]
[Round "4.1"]
[White "Kolesov, Eugeny"]
[Black "Kijajkin, Pavel"]
[Result "0-1"]
[WhiteElo "1989"]
[BlackElo "2120"]
[PlyCount "66"]
[EventDate "2010.05.13"]
[EventType "team-tourn"]
[EventRounds "11"]
[EventCountry "UKR"]
[SourceTitle "EXT 2019"]
[Source "ChessBase"]
[SourceDate "2018.10.10"]
[SourceVersion "1"]
[SourceVersionDate "2018.10.10"]
[SourceQuality "1"]
[WhiteTeam "Pavlograd Tura"]
[BlackTeam "Kerkinitida Eupatoria"]
[WhiteTeamCountry "UKR"]
[BlackTeamCountry "UKR"]

1. d4 Nf6 2. c4 e6 3. g3 d5 4. Bg2 c6 5. Nf3 Nbd7 6. 0-0 Be7 7. Qc2 0-0 8. Nbd2 Re8 9. e4 dxe4 10. Nxe4 Nxe4 11. Qxe4 Bf6 12. Re1 Nb6 13. b3 Bd7 14. Bf4 c5 15. Ne5 Bxe5 16. Bxe5 f6 17. dxc5 Bc6 18. Qc2 Bxg2 19. Kxg2 Nd7 20. Bd6 Qc8 21. Qe4 f5 22. Qf3 Nf6 23. Re5 Ne4 24. Qe3 Qc6 25. Qf3 Rad8 26. Rd1 Rd7 27. Kg1 b6 28. h4 bxc5 29. Rxc5 Qa6 30. Rc7 Rxd6 31. Re1 Qa5 32. Rxe4 Qxc7 33. Re2 Qc6 0-1

[Event "UKR-chT 17th"]
[Site "Alushta"]
[Date "2010.05.14"]
[Round "3.1"]
[White "Kijajkin, Pavel"]
[Black "Nedilko, Vasily"]
[Result "1/2-1/2"]
[WhiteElo "2120"]
[BlackElo "2409"]
[PlyCount "134"]
[EventDate "2010.05.13"]
[EventType "team-tourn"]
[EventRounds "11"]
[EventCountry "UKR"]
[SourceTitle "EXT 2019"]
[Source "ChessBase"]
[SourceDate "2018.10.10"]
[SourceVersion "1"]
[SourceVersionDate "2018.10.10"]
[SourceQuality "1"]
[WhiteTeam "Kerkinitida Eupatoria"]
[BlackTeam "Rivne Bisons"]
[WhiteTeamCountry "UKR"]
[BlackTeamCountry "UKR"]

1. c4 e5 2. Nc3 Nf6 3. Nf3 Nc6 4. d3 h6 5. g3 Bc5 6. Bg2 d6 7. 0-0 0-0 8. a3 a6 9. b4 Ba7 10. Nd2 Ne7 11. Nd5 Nh7 12. Nb3 c6 13. Nxe7+ Qxe7 14. a4 Be6 15. Na5 Bd4 16. Rb1 Nf6 17. e3 Bb6 18. Bd2 Qd7 19. Qc2 Bh3 20. Rfc1 Bxg2 21. Kxg2 Rfe8 22. Qb2 Rab8 23. Bc3 Qe6 24. Qe2 d5 25. c5 Bc7 26. Be1 e4 27. Nb3 exd3 28. Qxd3 Ne4 29. Nd4 Qd7 30. h4 Be5 31. f3 Nf6 32. Bf2 h5 33. b5 axb5 34. axb5 Ra8 35. bxc6 bxc6 36. Rb6 Bxd4 37. exd4 g6 38. Rcb1 Ra2 39. R1b2 Rxb2 40. Rxb2 Nh7 41. Be3 Nf8 42. Bf4 Ne6 43. Be5 Nxc5 44. Qe3 f6 45. Qh6 Qf7 46. dxc5 fxe5 47. Rb6 Rc8 48. Qg5 Qf5 49. Qxf5 gxf5 50. Rb7 Re8 51. Rc7 Re6 52. Kf2 e4 53. fxe4 fxe4 54. Rd7 Kf8 55. Ke2 Ke8 56. Rh7 e3 57. Rxh5 d4 58. Rh8+ Ke7 59. Rh7+ Kd8 60. Rh8+ Ke7 61. Rh7+ Kf6 62. Rh6+ Ke5 63. Rxe6+ Kxe6 64. g4 Ke5 65. Kf3 Kf6 66. Ke2 Ke6 67. h5 Kf6 1/2-1/2